Relevance of Economic Theories (Record no. 572258)

MARC details
000 -LEADER
fixed length control field 00977nam a2200277Ia 4500
003 - CONTROL NUMBER IDENTIFIER
control field OSt
005 - DATE AND TIME OF LATEST TRANSACTION
control field 20220925220731.0
008 - FIXED-LENGTH DATA ELEMENTS--GENERAL INFORMATION
fixed length control field 220923b |||||||| |||| 00| 0 eng d
020 ## - INTERNATIONAL STANDARD BOOK NUMBER
International Standard Book Number 0333287339
037 ## - SOURCE OF ACQUISITION
Terms of availability General Book
040 ## - CATALOGING SOURCE
Original cataloging agency RTL
Transcribing agency RTL
Language of cataloging eng
041 ## - LANGUAGE CODE
Source of code eng
Language code of text/sound track or separate title eng
100 ## - MAIN ENTRY--PERSONAL NAME
Personal name Pajestks Jozef
9 (RLIN) 285244
110 ## - MAIN ENTRY--CORPORATE NAME
Corporate name or jurisdiction name as entry element Conference of the Relevance of Economic Theories for Contemporary Society (Warsaw) (1978)
9 (RLIN) 285245
245 #0 - TITLE STATEMENT
Title Relevance of Economic Theories
Remainder of title Proceedings of a
260 ## - PUBLICATION, DISTRIBUTION, ETC.
Place of publication, distribution, etc. London
Name of publisher, distributor, etc. Macmillan
Date of publication, distribution, etc. 1980
300 ## - PHYSICAL DESCRIPTION
Extent xv, 311p
Dimensions cm.
490 ## - SERIES STATEMENT
Series statement International Economic Association on Publication
700 ## - ADDED ENTRY--PERSONAL NAME
Personal name Foinstei C H
9 (RLIN) 285246
700 ## - ADDED ENTRY--PERSONAL NAME
Personal name Conference of the Relevance of Economic Theories for Contemporary Society (Warsaw) (1978)
9 (RLIN) 285247
942 ## - ADDED ENTRY ELEMENTS (KOHA)
Classification part Xp1,N78, M0
Koha item type General Books
Source of classification or shelving scheme Colon Classification (CC)
Holdings
Withdrawn status Lost status Damaged status Not for loan Home library Current library Date acquired Total Checkouts Full call number Barcode Date last seen Price effective from Koha item type
        Ratan Tata Library Ratan Tata Library 2022-09-25   Xp1,N78 M0 RT0719810 2022-09-25 2022-09-25 General Books
Copyright @ Delhi University Library System